000 00591nam a2200193 a 4500
001 000011091
005 20240412074223.0
008 091014t1982 dr 001 p spa d
040 _aDO-SdBNP
_bspa
_cBNPHU
082 _aRD861.44
_bS232t
100 1 _aSantana, Salvador,
_d1956-
_926588
245 1 4 _aLas trompetas del mal humor /
_cSalvador Santana.
260 _aSanto Domingo :
_bGente,
_c1982.
300 _a71 p. ;
_c21 cm.
590 _aInventariado, 2020/YL
650 0 _aPoesía dominicana
_966
650 0 _aLiteratura dominicana.
_967
910 _aValidado. Control de calidad EMS.
999 _c10816
_d10816